Atlas Learning-centered communication Book 4

Teacher's Extened Edition, with teacher's notes by Fran Byres

Spremljeno u:
Bibliografski detalji
Glavni autor: Nunan, David
Format: Knjiga
Jezik:Undetermined
Izdano: Boston, MA Heinle &Heinle 1995
Teme:
Online pristup:http://lrc.tdmu.edu.vn/opac/search/detail.asp?aID=2&ID=7255
Oznake: Dodaj oznaku
Bez oznaka, Budi prvi tko označuje ovaj zapis!
Thư viện lưu trữ: Trung tâm Học liệu Trường Đại học Thủ Dầu Một
LEADER 00693nam a2200229Ia 4500
001 TDMU_7255
008 210410s9999 xx 000 0 und d
082 |a 428 
090 |b N512 
100 |a Nunan, David 
245 0 |a Atlas 
245 0 |b Learning-centered communication 
245 0 |c David Nunan 
245 0 |n Book 4 
260 |a Boston, MA 
260 |b Heinle &Heinle 
260 |c 1995 
300 |a xxi, 136 p. 
520 |a Teacher's Extened Edition, with teacher's notes by Fran Byres  
650 |a English language ; Anh ngữ  
856 |u http://lrc.tdmu.edu.vn/opac/search/detail.asp?aID=2&ID=7255 
980 |a Trung tâm Học liệu Trường Đại học Thủ Dầu Một